| 000 | 00948nam a22002177a 4500 | ||
|---|---|---|---|
| 003 | OSt | ||
| 005 | 20260203050743.0 | ||
| 008 | 260203b |||||||| |||| 00| 0 eng d | ||
| 020 | _a971-550-124 (pbk) | ||
| 040 |
_aDWC-Man Lib. _cOC |
||
| 082 | _aFil. 959.902 B644r 1994 | ||
| 100 | _aBonoan, Raul J. | ||
| 245 |
_aThe Rizal-Pastells correspondence : _bthe hitherto unpublished letters of Jose Rizal and portions of Fr. Pablo Pastell's fourth letter and translation of the correspondence, together with a historical background and theological critique/ _cRaul J. Bonoan |
||
| 260 |
_aPhilippines : _bAteneo de Manila University, _cc1994. |
||
| 300 |
_ax, 229 p. ; _c23 cm. |
||
| 500 | _aInclude index and reference. | ||
| 650 | _a1. Rizal, Jose y Alonzo--Correspondence. | ||
| 650 | _a2. Pastells, Pablo--Corresponmdence. | ||
| 650 | _a3. Catholic church--Correspondence--History and criticism. | ||
| 942 |
_2ddc _cBK - FIL _hFil. _n0 |
||
| 999 |
_c8185 _d8185 |
||